A HANDBOOK OF TROPICAL SOIL BIOLOGY SAMPLIN AND CHARACTERIZATION OF BELOW GROUND BIODIVERSITY (Record no. 10459)

MARC details
000 -LEADER
fixed length control field 00521nam a22001817a 4500
003 - CONTROL NUMBER IDENTIFIER
control field OSt
005 - DATE AND TIME OF LATEST TRANSACTION
control field 20211007145616.0
008 - FIXED-LENGTH DATA ELEMENTS--GENERAL INFORMATION
fixed length control field 211007b |||||||| |||| 00| 0 eng d
020 ## - INTERNATIONAL STANDARD BOOK NUMBER
International Standard Book Number 9781844075935
040 ## - CATALOGING SOURCE
Transcribing agency HAWASSA UNIVERSITY
050 ## - LIBRARY OF CONGRESS CALL NUMBER
Classification number 574.526404/HAN
Item number 2
082 ## - DEWEY DECIMAL CLASSIFICATION NUMBER
Classification number 574.526404/HAN
Item number 2
100 ## - MAIN ENTRY--PERSONAL NAME
Personal name MOREIRA M.S.
9 (RLIN) 11324
245 ## - TITLE STATEMENT
Title A HANDBOOK OF TROPICAL SOIL BIOLOGY SAMPLIN AND CHARACTERIZATION OF BELOW GROUND BIODIVERSITY
260 ## - PUBLICATION, DISTRIBUTION, ETC.
Place of publication, distribution, etc. LONDON
Name of publisher, distributor, etc. USA
Date of publication, distribution, etc. 2008
300 ## - PHYSICAL DESCRIPTION
Extent xiii/218
942 ## - ADDED ENTRY ELEMENTS (KOHA)
Source of classification or shelving scheme Dewey Decimal Classification
Koha item type Books like text book referance book
Suppress in OPAC No
Holdings
Withdrawn status Lost status Source of classification or shelving scheme Damaged status Not for loan Home library Current library Date acquired Total Checkouts Full call number Barcode Date last seen Copy number Price effective from Koha item type
    Dewey Decimal Classification     College of Agriculture Library College of Agriculture Library 10/07/2021   574.526404/HAN ALIB0007858 10/07/2021 1 10/07/2021 Books like text book referance book
    Dewey Decimal Classification     College of Agriculture Library College of Agriculture Library 10/07/2021   574.526404/HAN ALIB0007859 10/07/2021 2 10/07/2021 Books like text book referance book